| 000 | 00748nam a2200241 i 4500 | ||
|---|---|---|---|
| 001 | 6632 | ||
| 003 | ES-MaACL | ||
| 005 | 20230906145026.0 | ||
| 008 | 900207s1988 sp |||| |dspa d | ||
| 020 | _a84-249-1264-0 | ||
| 080 | _a875-5"00" | ||
| 100 | 0 |
_aDion de Prusa. _944851 |
|
| 245 | 1 | 0 |
_aDiscursos. _nI-XI / _cDion de Prusa ; traducción, introducciones y notas de Gaspar Morocho Gayo. |
| 260 |
_aMadrid : _bGredos, _c[1988] |
||
| 300 |
_a1 v. (547 p.) ; _c20 cm. |
||
| 490 | 1 |
_aBiblioteca clásica Gredos ; _v110 |
|
| 500 | _aÍndices. | ||
| 505 | 8 |
_aContiene: [v.1] ; _tI-XI |
|
| 700 | 1 |
_aMorocho Gayo, Gaspar. _983631 |
|
| 830 | 0 |
_aBiblioteca clásica Gredos ; _v110 _9177556 |
|
| 852 |
_aES-MaACL _jL-13806 |
||
| 999 |
_c6632 _d6632 |
||